Návrh modulu informačného systému pre podporu exportu dát zo systému AFB Factory

Na minha lista:
Detalhes bibliográficos
Autor principal: Novák, Dávid (Author)
Outros Autores: Tanuška, Pavol (Thesis advisor)
Formato: Manuscrito Livro
Idioma:eslovaco
Publicado em: 2017
Assuntos:
Acesso em linha:http://is.stuba.sk/zp/portal_zp.pl?podrobnosti=126252
Tags: Adicionar Tag
Sem tags, seja o primeiro a adicionar uma tag!

MARC

LEADER 00000ntm a22000003a 4500
001 stuzp60934
003 SK-STU
005 20170610210354.7
007 ta
008 150427s2015----xo-----f-mn---000-0-slo-d
040 |a STU  |b slo 
041 0 |a slo 
100 1 |a Novák, Dávid  |u 066000  |k Z4  |4 aut  |U MTF Materiálovotechnologická fakulta  |T MTF Ústav aplikovanej informatiky, automatizácie a mechatroniky  |X 46730  |U M6000  |Y 86  |7 46730 
242 0 1 |a The design of module of the information system for support to export data from system AFB Factory  |y eng 
245 1 0 |a Návrh modulu informačného systému pre podporu exportu dát zo systému AFB Factory 
260 |c 2017 
650 4 |a databáza  |2 slo 
650 4 |a export dát  |2 slo 
650 4 |a výrobný systém  |2 slo 
650 4 |a production system  |2 eng 
650 4 |a database  |2 eng 
650 4 |a export data  |2 eng 
700 1 |a Tanuška, Pavol  |u 066000  |k Z1  |4 ths  |U MTF Materiálovotechnologická fakulta  |T MTF Ústav aplikovanej informatiky, automatizácie a mechatroniky  |X 248  |U M6000  |Y 86  |7 A000000248 
856 4 |u http://is.stuba.sk/zp/portal_zp.pl?podrobnosti=126252 
996 |c M* DP-13352  |l MMSKP  |s P  |a 0  |w stuzp60934_0001